| 000 | 00636nam a22001577a 4500 | ||
|---|---|---|---|
| 008 | 111103s1990 ua|||||r|||| 000 0 ara d | ||
| 020 | _a9771105758 | ||
| 082 |
_222 _a301.20953 _bز ك ر |
||
| 100 |
_916928 _aزكريا ، فؤاد |
||
| 245 |
_aخطاب الى العقل العربي / _cفؤاد زكريا |
||
| 260 |
_aالقاهرة : _bمكتبة مصر ، [1990] _c[1990] |
||
| 300 |
_a194 ص ؛ _c19 سم |
||
| 650 |
_913400 _aالثقافة العربية |
||
| 942 |
_2ddc _cBB |
||
| 999 |
_c16191 _d16191 |
||